00998nam a2200205 a 450000100100000000500170001000800410002704000250006808200150009324501520010824600660026026001590032630000320048550400390051770000210055670000420057771000730061971000440069271000560073600003468920251120073733.0100830s1999 dr ab 001 0 spa d aDO-SdBNPbspacBNPHU axxxxbL75410aLineamientos de políticas de desarrollo urbano para la ciudad de Dajabón /cJulio C. Corral ... [et al.] prólogo Mercedes Sabater Macarrulla.14aDajabón :blineamientos de políticas de desarrollo urbano aSantiago de los Caballeros, República Dominicana :bPontificia Universidad Católica Madre y Maestra :bCentro de Estudios Urbanos y Regionales,c1999. a193 p. :bil., map., retrs. aIncluye bibliografía (p.173-175)1 aCorral, Julio C.1 aSabater Macarrulla, Mercedesepról.1 aRepública Dominicana.bConsejo Nacional de Asuntos Urbanos (CONAU)2 aCentro de Estudios Urbanos y Regionales2 aPontificia Universidad Católica Madre y Maestra